| 000 | 01105nam a2200313Ia 4500 | ||
|---|---|---|---|
| 005 | 20220317001443.0 | ||
| 008 | 161108s2014 ck a g 000 0 spa | ||
| 020 | _a9789587587005 | ||
| 100 | 1 |
_aWillems, Mo _d1968- |
|
| 245 | 1 | 0 |
_aHoy voy a volar! _cpor Mo Willems ; traducción María Candelaria Posada |
| 250 | _aPrimera edición | ||
| 264 | 1 |
_aBogotá _bAltea _c2014 |
|
| 300 |
_a57 páginas _bilustraciones a color _c23 cm. |
||
| 336 |
_atexto _btxt _2rdacontent |
||
| 337 |
_asin mediación _bn _2rdamedia |
||
| 338 |
_avolumen _bnc _2rdacarrier |
||
| 490 | _aUn libro de elefante & cerdita | ||
| 534 | _bI will fly today! | ||
| 650 | 1 | 4 |
_2LEMB _aÁlbumes infantil estadounidense _ySiglo XX |
| 650 | 1 | 4 |
_2LEMB _aLiteratura infantil estadounidense _ySiglo XX |
| 650 | 1 | 4 |
_2LEMB _aAnimales _vÁlbum infantil |
| 650 | 1 | 4 |
_2LEMB _aAventuras _vÁlbum infantil |
| 650 | 1 | 4 |
_2LEMB _aAmistad _vÁlbum infantil |
| 650 | 1 | 4 |
_2LEMB _aSueños _vÁlbum infantil |
| 700 | 1 |
_aPosada, María Candelaria _etraductora _942670 |
|
| 942 |
_2loc _cBKINF |
||
| 040 |
_aCO-BoRNBP _bspa _erda _cCO-BoRNBP |
||
| 084 | _aA WIL14 | ||
| 999 |
_c7026 _d7026 |
||